000 00759cam a2200289 i 4500
001 768714001
003 CO-MdFUSB
005 20241204155934.0
007 ta
008 241203t1991 -ck||||| |||| 00| 0 spa d
020 _a958-9149-43-X
040 _cCO-MdFUSB
041 0 _aspa
082 0 4 _223
_a236
_bC8991p
100 1 _aCrawford, Colin
_eautor
245 1 0 _aLa palabra profética :
_bel plan profético de Dios para la humanidad
_c/ Colin Crawford
264 1 _aColombia
_bBetania,
_c[1991]
264 4 _c©1991
300 _a199 Pag
336 _atexto
_btxt
_2rdacontent
337 _2rdamedia
_asin mediación
_bn
338 _2rdacarrier
_avolumen
_bnc
563 _aRustico
653 _aEscatología
942 _cBK
945 _aMiguel
999 _c35004
_d35004